College Quizbowl Stats
College Quizbowl Stats
Circuits
Seasons
Sets
Records
Detailed Stats
About
Loading...
2024 Penn Bowl Texas
Tossups
Bonuses
Players
Teams
Categories (Tossup)
Categories (Bonus)
Dimitri Kalafeis
Texas A&M A
Categories
Category
Powers
Gets
Negs
BBs
Points
Earliest Buzz
Avg. Buzz
First Buzzes
Top 3 Buzzes
BPA
PVF
Literature - World
0
1
0
0
10
132
132.00
0
1
0.00
0.00
Mythology
0
1
0
0
10
85
85.00
0
1
0.00
0.00
Science - Chemistry
0
1
0
0
10
85
85.00
1
1
0.00
0.00
Science - Biology
0
0
1
0
-5
0.00
0
0
0.00
0.00
Buzzes
Category
Answer
Value
Buzz Position
Science - Biology
nuclear transport
-5
70
Science - Chemistry
metal alloys
10
85
Mythology
Andromeda
10
85
Literature - World
a signet ring
10
132
Previous
1
Next